Statistics for First 10 Fibonacci Numbers

Click here to take the quiz!

General Stats

  • This quiz has been taken 110 times
  • The average score is 8 of 10

Answer Stats

HintAnswer% Correct
11
100%
21
97%
32
95%
43
92%
55
89%
68
85%
713
79%
821
74%
934
66%
1055
55%

Score Distribution

Percentile by Number Answered

Percent of People with Each Score

Your Score History

You have not taken this quiz